| 000 | 00476nam a2200157 i 4500 | ||
|---|---|---|---|
| 001 | 25247 | ||
| 003 | ES-MaACL | ||
| 005 | 20230906153224.0 | ||
| 007 | t| | ||
| 008 | 021223s1967 sp ||||1| spa d | ||
| 100 | 1 |
_aArana, José-Domingo de. _922246 |
|
| 245 | 1 | 0 |
_aDemocracia _b: dignidad humana y justicia social / _cJosé-Domingo de Arana. |
| 260 |
_a[Bilbao : _bs.n., _c1967] ( _fGráficas Ellacuria) |
||
| 300 |
_a115 p. ; _c24 cm. |
||
| 852 |
_aES-MaACL _jC-32993 _bR.63558 |
||
| 999 |
_c25247 _d25247 |
||